Animated TV Shows of the Last 25 Years Quiz Stats

 Plays Quiz Updated Jan 30, 2018

Score 0/25 Timer 08:00
5 Plays Today
% Correct
SpongeBob SquarePants
94.5%
Dora the Explorer
92.8%
The Adventures of Puss in Boots
89.6%
Bob's Burgers
85%
Arthur
84.8%
Kim Possible
82.2%
Adventure Time
78.6%
The Fairly OddParents
78.4%
CatDog
76.9%
Phineas and Ferb
76.7%
Pinky and the Brain
76.6%
Justice League Action
76.5%
Hey Arnold!
76.4%
% Correct
Rick and Morty
74.8%
Star Wars: The Clone Wars
68.3%
Recess
66.8%
BoJack Horseman
66.5%
Animaniacs
65.3%
Ben 10
63.2%
Teen Titans
62.1%
Doc McStuffins
42.3%
Big Mouth
41%
Regular Show
38.4%
Foster's Home for Imaginary Friends
36.7%
Handy Manny
36.1%

You're not logged in!

Compare scores with friends on all Sporcle quizzes.
OR
Log In

You Might Also Like...

Show Comments

Extras

Top Quizzes Today


Score Distribution

Your Account Isn't Verified!

In order to create a playlist on Sporcle, you need to verify the email address you used during registration. Go to your Sporcle Settings to finish the process.

Report this User

Report this user for behavior that violates our Community Guidelines.

Details: